00531nam a22001097a 4500008004100000040005500041080002200096245022300118260006000341300000900401650001100410230622b |||||||| |||| 00| 0 eng d aNational Science LibrarycNational Science Library aI 628.1(1-22)bM6 aTechnology mission on drinking water in villages: bMission oriented programme govt. of Indiac/ Consolidated report of drinking water quality assessment studies Aizawl district Mizoram, Mirzapur district Uttar Pradesh aLucknow: bIndustrial Toxiology Research Centre, c1987 a33p. aReport